| 000 | 00565nam a2200193Ia 4500 | ||
|---|---|---|---|
| 999 |
_c11175 _d11175 |
||
| 003 | OSt | ||
| 005 | 20191231112933.0 | ||
| 008 | 190216s9999||||xx |||||||||||||| ||und|| | ||
| 020 | _a9789380381121 | ||
| 040 | _coclc | ||
| 082 |
_a330 _bCAR/C |
||
| 100 |
_aCarbaugh, Robert J _9560 |
||
| 245 | 0 |
_aContemporary Economics An Applications Approach / _c Robert J Carbaugh |
|
| 250 | _a6th ed. | ||
| 260 |
_bYes Dee Publishing Pvt Ltd, _c2011. _aChennai: |
||
| 300 | _a454p | ||
| 650 | _aEconomics | ||
| 942 |
_cBK _2ddc _h330 _iCAR/C _k330 _mCAR/C |
||